Discurso leido en la Universidad Central en la solemne inauguración del curso académico de 1882 a 1883 por el doctor don Fausto Garagarza y Dugiols. (Record no. 190185)

MARC details
000 -LEADER
campo de control de longitud fija 00723nam a2200181 i 4500
001 - NÚMERO DE CONTROL
campo de control 190185
003 - IDENTIFICADOR DE NÚMERO DE CONTROL
campo de control ES-MaACL
005 - FECHA Y HORA DE LA ÚLTIMA TRANSACCIÓN
campo de control 20251003063206.0
008 - DATOS DE LONGITUD FIJA--INFORMACIÓN GENERAL
campo de control de longitud fija 200909s1882 sp |||| | spa d
100 1# - ENTRADA PRINCIPAL--NOMBRE DE PERSONA
Nombre de persona Garagarza y Dugiols, Fausto,
Fechas asociadas al nombre 1833-1905
9 (RLIN) 170298
245 10 - MENCIÓN DEL TÍTULO
Título Discurso leido en la Universidad Central en la solemne inauguración del curso académico de 1882 a 1883 por el doctor don Fausto Garagarza y Dugiols.
260 ## - PUBLICACIÓN, DISTRIBUCIÓN, ETC.
Lugar de publicación, distribución, etc. Madrid :
Nombre del editor, distribuidor, etc. [s.n.],
Fecha de publicación, distribución, etc. 1882 (
Fabricante Est. Tip. "El Porvenir Literario")
300 ## - DESCRIPCIÓN FÍSICA
Extensión 65 p. ;
Dimensiones 27 cm.
500 ## - NOTA GENERAL
Nota general Tema: Desarrollo del método experimental en las ciencias.
650 #7 - PUNTO DE ACCESO ADICIONAL DE MATERIA--TÉRMINO DE MATERIA
Término de materia o nombre geográfico como elemento de entrada Ciencia-
Subdivisión general Experimentos
Fuente del encabezamiento o término
9 (RLIN) 170299
852 ## - LOCALIZACIÓN
Ubicación ES-MaACL
Número de control de estantería T-659-F-6
Holdings
Estatus retirado Estado de pérdida Estado de daño No para préstamo Colección Biblioteca de origen Biblioteca actual Ubicación en estantería Fecha de adquisición Fuente de adquisición Total de préstamos Signatura topográfica completa Código de barras Visto por última vez Precio de reemplazo Tipo de ítem Koha
        Colección de folletos Biblioteca del Ateneo de Madrid Biblioteca del Ateneo de Madrid Depósito folletos 14/05/2005     T-656-F-6 1201944 23/02/2023 23/02/2023 Folleto